00471nam a2200109Ia 4500008004100000041000800041100003000049245011300079260004900192999001900241952010100260250110s9999 xx 000 0 und d aeng aGujarathi Vaidehi9184149 aHolistic Approach In Creation of Bird Friendly Environment That Safeguards The Native Birds And Bird Habitat bBNCA M Arch Digital ArchitectureaPunec2024 c364699d364699 00104070aBNCAbBNCAd2024-04-26l0pBNCA-PR-2199r2025-01-10 00:00:00w2025-01-10yPRzPR2199